Largest Cities in North Carolina in 2030 - Statistics

General Stats
  • This quiz has been taken 45 times
  • The average score is 15 of 20
Answer Stats
# Pop. City % Correct
1 988,140 Charlotte
100%
4 317,911 Greensboro
100%
2 525,655 Raleigh
100%
13 91,320 Asheville
98%
3 322,192 Durham
95%
7 199,900 Cary
93%
6 211,949 Fayetteville
93%
5 257,578 Winston-Salem
93%
8 138,596 Wilmington
90%
15 83,994 Chapel Hill
78%
9 125,612 Concord
78%
11 95,661 Greenville
78%
10 118,435 High Point
78%
12 93,905 Apex
65%
14 91,169 Gastonia
60%
16 68,887 Huntersville
55%
19 63,472 Kannapolis
53%
17 66,079 Burlington
50%
18 65,342 Fuquay-Varina
20%
20 62,729 Holly Springs
15%
No matching quizzes found
Score Distribution
Percent of People with Each Score
Percentile by Number Answered
Your Score History
You have not taken this quiz